LEADER 01498nam 2200433 450 001 000017637 005 20070503173500.0 010 $a0-521-27011-1 100 $a20040721d1983----km-y0itay0103----ba 101 0 $aeng$agrc 102 $aGB 200 1 $aPrometheus bound$fAeschylus$gedited by Mark Griffit 200 1 $a1 $n0006957 210 $aCambridge$cCambridge University Press$dc1983 215 $aVIII, 319 p.$d19 cm. 225 2 $aCambridge Greek and Latin classics 300 $aCon testo orig. 410 0$12001$aCambridge Greek and Latin classics 500 10$aPrometheus vinctus$922056 676 $a882$v(21. ed.)$9Poesia drammatica e letteratura drammatica greca classica 700 0$aAeschylus$0153340 701 1$aGriffith,$bMark$0154958 801 0$aIT$bUniversità della Basilicata - B.I.A.$gRICA$2unimarc 912 $a000017637 996 $aPrometheus vinctus$922056 997 $aUNIBAS BAS $aMONLET BAS $aMONOGR BAS $aLETTERE CAT $aSTD034$b01$c20040721$lBAS01$h1328 CAT $aDILEO$b21$c20040910$lBAS01$h1130 CAT $c20050601$lBAS01$h1756 CAT $abatch$b01$c20050718$lBAS01$h1053 CAT $c20050718$lBAS01$h1112 CAT $c20050718$lBAS01$h1142 CAT $c20050718$lBAS01$h1157 CAT $aBATCH$b00$c20070503$lBAS01$h1735 FMT Z30 -1$lBAS01$LBAS01$mBOOK$1BASA1$APolo Storico-Umanistico$2GEN$BCollezione generale$3FP/100625$6100625$5L100625$820040721$f02$FPrestabile Generale LEADER 01331nam--2200409---450- 001 990000346010203316 035 $a0034601 035 $aUSA010034601 035 $a(ALEPH)000034601USA01 035 $a0034601 100 $a20010226d1982----km-y0itay0103----ba 101 $aita 102 $aIT 105 $a||||||||001yy 200 1 $aProgrammare in PASCAL$fDaniel-Jean David e Jean-Luc Deschamps$gtraduzione di Rita Bonelli 210 $aMilano$cGruppo editoriale Jackson$d1982 215 $aVII, 196 p.$d21 cm 300 $an.59 di una collezione senza titolo 461 1$1001-------$12001 606 0 $aElaboratoi elettronici$xProgrammazione e linguaggio PASCAL 606 0 $aPASCAL$xLinguaggio$xElaboratori elettronici 676 $a001.642 700 1$aDAVID,$bDaniel-Jean$041214 702 1$aBONELLI,$bRita 801 0$aIT$bsalbc$gISBD 912 $a990000346010203316 951 $a001 BUG 59,C$b13775$c001 BUG$d00101190 951 $a001 BUG 59,A$b13773$c001 BUG$d00101191 951 $a001 BUG 59,B$b13774$c001 BUG$d00101189 959 $aBK 969 $aSCI 979 $aTAMI$b40$c20010226$lUSA01$h1718 979 $aTAMI$b40$c20010226$lUSA01$h1723 979 $c20020403$lUSA01$h1642 979 $aPATRY$b90$c20040406$lUSA01$h1624 996 $aProgrammare in PASCAL$9878744 997 $aUNISA